000 00376nam a22001577a 4500
003 MPLRDC
005 20220104124312.0
008 210129b ||||| |||| 00| 0 eng d
082 _a848.1 MD-12
100 _a茅盾著
245 _a第一阶段的故事
_c
260 _a
_b香港汇通书店
_c1963
300 _b
650 _a现代别集
942 _cBK
_o848.1 MD-12
999 _c18253
_d18243